The making of green knowledge : environmental politics and cultural transformation
Αποθηκεύτηκε σε:
| Κύριος συγγραφέας: | |
|---|---|
| Μορφή: | Βιβλίο |
| Γλώσσα: | English |
| Δημοσίευση: |
Cambridge :
Cambridge University Press,
2001
|
| Θέματα: | |
| Ετικέτες: |
Προσθήκη ετικέτας
Δεν υπάρχουν, Καταχωρήστε ετικέτα πρώτοι!
|
MARC
| LEADER | 00000nam a2200000 i 4500 | ||
|---|---|---|---|
| 001 | 1/5730 | ||
| 008 | 100316s2001 eng d | ||
| 020 | |a 978-0-521-79687-3 (pbk.) | ||
| 020 | |a 0-521-79687-3 (pbk.) | ||
| 035 | |l 10107267 | ||
| 040 | |a GR-MY-UA |b gre |e aacr | ||
| 041 | 0 | |a eng | |
| 082 | 0 | |a 363.7 |2 (22) | |
| 100 | 1 | |a Jamison, Andrew. | |
| 245 | 1 | 4 | |a The making of green knowledge : |b environmental politics and cultural transformation / |c Andrew Jamison |
| 260 | |a Cambridge : |b Cambridge University Press, |c 2001 | ||
| 300 | |a xi, 205 σ.; |b πίν.; |c 23 εκ. | ||
| 504 | |a Βιβλιογραφία: σ. 182-202 | ||
| 504 | |a Ευρετήριο: σ. 203-205 | ||
| 650 | 0 | 0 | |a Environmentalism. |
| 650 | 0 | 0 | |a Environmental policy. |
| 650 | 0 | 0 | |a Sustainable development. |
| 852 | |a INST |b LESVOS |e 20100316 |h 363.7 JAM |p 005100046186 |q 005100046186 |t BK |y 0 | ||
| 901 | |a BIBL1-2010-1 | ||
| 909 | |a Λ |b 152069 | ||
| 922 | |a 1ΕΛΗ |b 200803 |c ΕΠΕΑΕΚ2/ΤΠ |d ΕΛΕΥΘΕΡΟΥΔΑΚΗΣ | ||
| 970 | |a ΓΙΑΛΑΜΑ |b ΜΑΡΙΑ |z 2010/03/16 | ||